=LDR 00000nam 2200000 4500 =001 INLIS000000000057508 =005 20210202090822 =035 ##$$a 0010-0221000011 =007 ta =008 210202###########################0#ind## =020 ##$$a 978-602-9281-00-2 =082 ##$$a 392.559 853 6 =084 ##$$a 392.559 853 6 Fac n.2 =245 ##$$a Nika Mbojo Antara Islam dan Tradisi /$c Drs. H.M Fachrir Rahman, MA =250 ##$$a cet. 1 =300 ##$$a xiii, 94 halaman ; $c 20 cm =700 #$$a Dra. Hj. Nurmukminah =600 #4$$a Adat Perkawinan - Bima =740 ##$$a Nika Mbojo Antara Islam dan Tradisi =264 ##$$a Mataram :$b Alam Tara Learning Institute,$c 2011 =336 ##$$a Teks$2 rdacontent =337 ##$$a Buku$2 rdamedia =338 ##$$a lain-lain$2 rdacarrier =990 ##$$a 7202100075 =990 ##$$a 029/42/2013 =990 ##$$a 15001500 =990 ##$$a 029/42/2013 =990 ##$$a 029/42/2013